Easy hiragana : First steps to basic Japanese writing

Beginning This step-by-step guide to hiragana includes writing models by award-winning Japanese calligraphers, concise explanations, and numerous exercises to improve students' writing style, build vocabulary, improve pronunciation, and increase knowledge of Japanese language structures, counte...

全面介紹

Đã lưu trong:
書目詳細資料
主要作者: Kaneda, Fujihiko
格式: 圖書
語言:Undetermined
出版: Tokyo Yohan Publications 1988
主題:
標簽: 添加標簽
沒有標簽, 成為第一個標記此記錄!
Thư viện lưu trữ: Trung tâm Học liệu Trường Đại học Cần Thơ
LEADER 00877nam a2200217Ia 4500
001 CTU_110260
008 210402s9999 xx 000 0 und d
082 |a 495.6 
082 |b K16 
100 |a Kaneda, Fujihiko 
245 0 |a Easy hiragana : 
245 0 |b First steps to basic Japanese writing 
245 0 |c Fujihiko Kaneda, Rika Samidori 
260 |a Tokyo 
260 |b Yohan Publications 
260 |c 1988 
520 |a Beginning This step-by-step guide to hiragana includes writing models by award-winning Japanese calligraphers, concise explanations, and numerous exercises to improve students' writing style, build vocabulary, improve pronunciation, and increase knowledge of Japanese language structures, counters, and punctuation. 
650 |a Japanese 
650 |x Writing 
904 |i Hiếu 
980 |a Trung tâm Học liệu Trường Đại học Cần Thơ